000 00637cam a22002173a 4500
001 40001
003 PGUSA
005 20140828083906.0
008 120616s2012||||xxu|||||s|||||000 | eng d
040 _aPGUSA
_beng
042 _adc
100 1 _aEllis, Beth,
_d1874-1913
245 1 3 _aAn English Girl's First Impressions of Burmah
_h[electronic resource] /
_cBeth Ellis
260 _bProject Gutenberg,
_c2012
506 _aPublic domain in the USA.
516 _aElectronic text
653 _aBurma -- Description and travel
830 0 _aProject Gutenberg
_v40001
856 4 0 _uhttp://www.gutenberg.org/ebooks/40001
942 _cEB
999 _c269254
_d269254